00334nam a22001097a 4500003000400000020001800004082001400022100003800036245007800074260006500152300000700217SGT a9788192685229 a080bB14P aप्रताप, विजय  aभारतीय पत्रकारों की स्थिति  bमीडिया स्टडीज ग्रुप c2014 a84